Buku seni rupa Malaysia untuk kanak-kanak

Bibliographic Details
Format: Book
Published: KL : Khazanah Nasional , 2011
Subjects:

MARC

LEADER 00000cam a2200000 7i4500
001 0000059476
005 20160203.0
008 160203
020 |a 9789834419387 
090 0 0 |a 741.09595   |b MAL 
245 0 0 |a Buku seni rupa Malaysia untuk kanak-kanak 
260 |a KL :   |b Khazanah Nasional ,   |c 2011 
650 0 |a Art, Malaysian   |x Study & teaching (Primary) 
650 0 |a Art   |x Study & teaching (Primary) 
650 0 |a Children's art   |x Malaysia   |x Study & teaching 
650 0 |a Children's drawing   |z Malaysian   |x Study & teaching (Primary) 
999 |a 0001385738   |b Book   |c Adult Collection   |e Perbadanan Perpustakaan Awam Johor 
999 |a 0001385739   |b Book   |c Adult Collection   |e Perbadanan Perpustakaan Awam Johor 
999 |a 0001385741   |b Book   |c Adult Collection   |e Cawangan Urban Transformation Centre 
999 |a 0001385742   |b Book   |c Adult Collection   |e Cawangan Urban Transformation Centre 
999 |a 0001385743   |b Book   |c Adult Collection   |e Cawangan Urban Transformation Centre 
999 |a 0001387859   |b Book   |c Adult Collection   |e Cawangan Taman Sri Lambak 
999 |a 0001387860   |b Book   |c Adult Collection   |e Cawangan Mersing 
999 |a 0001387861   |b Book   |c Adult Collection   |e Cawangan Tangkak 
999 |a 0001387862   |b Book   |c Adult Collection   |e Cawangan Tmn. Ungku Tun Aminah 
999 |a 0001387863   |b Book   |c Adult Collection   |e Cawangan Pontian 
999 |a 0001387864   |b Book   |c Adult Collection   |e Cawangan Muar 
999 |a 0001387865   |b Book   |c Adult Collection   |e Cawangan Kota Tinggi 
999 |a 0001387866   |b Book   |c Adult Collection   |e Cawangan Sri Merlong 
999 |a 0001387867   |b Book   |c Adult Collection   |e Cawangan Batu Pahat 
999 |a 0001387868   |b Book   |c Adult Collection   |e Cawangan Segamat 
999 |a 0001387869   |b Book   |c Adult Collection   |e Cawangan Bandar Tenggara 
999 |a 0001387870   |b Book   |c Adult Collection   |e Cawangan Bukit Gambir 
999 |a 0001387871   |b Book   |c Adult Collection   |e Cawangan Bandar Penawar 
999 |a 0001387874   |b Book   |c Adult Collection   |e Cawangan Pontian